000 00818nam a2200301 a 4500
003 AR-BaBNM
005 20251128204149.0
008 082120s2002 ||||||||||||||000 | spa||
020 _a950-25-0117-9
040 _cAR-BaBNM
100 1 _aRomero, Amílcar G.
245 0 0 _aDeporte, violencia y política
_bcrónica negra 1958-1983
260 _aBuenos Aires
_bCentro Editor de América Latina
_c1985
300 _a136 p.
490 0 _aBiblioteca política Argentina
_vv. 118
600 1 4 _aPanzeri, Dante
600 1 4 _aBarrera, Ulises
650 4 _aCLUBES
650 4 _aCOMPORTAMIENTO ANTISOCIAL
650 4 _aHISTORIA
650 4 _aPROBLEMAS SOCIALES
651 4 _aArgentina
653 _aVIOLENCIA EN EL DEPORTE
653 _aFUTBOL
800 1 _aTroncoso, Oscar
942 _cBK
998 _cHector
999 _c6432
_d6432